| 000 | 00505nam a2200181 4500 | ||
|---|---|---|---|
| 003 | LK-CoMWRAF | ||
| 005 | 20230921142021.0 | ||
| 008 | 230921b |||||||| |||| 00| 0 eng d | ||
| 040 |
_aLK-CoMWRAF _dLK-CoMWRAF _eLK-CoMWRAF |
||
| 041 | _aeng | ||
| 082 |
_a297 _bWAT |
||
| 100 | _aWatt, W. Montgomery | ||
| 245 |
_aMuhammad : _bProphet and statesman |
||
| 260 |
_aLondon : _bOxford University Press: London, _c1961 |
||
| 300 | _a viii. : 250p | ||
| 650 | _a Muhammad-Prophet and statesman. | ||
| 942 | _cBK | ||
| 999 |
_c3591 _d3591 |
||